[Event "Just a Plain Tournament"]
[Site "SchemingMind.com"]
[Date "2008.11.14"]
[Round "-"]
[White "jtrochez1"]
[Black "palomo"]
[Result "0-1"]
[WhiteCountry "HON"]
[BlackCountry "ARG"]
[WhiteElo "1546"]
[WhiteRD "48"]
[BlackElo "1551"]
[BlackRD "87"]
[GameID "178987"]

1. e4 e5 2. Nf3 Nc6 3. Bc4 Nf6 4. d3 Be7 5. Nc3 O-O 6. O-O d6 7. h3 Re8 8. Ng5 Rf8 9. a3 a6 10. Be3 Bd7
11. b4 b5 12. Bd5 Nxd5 13. exd5 Bxg5 14. dxc6 Bxc6 15. Ne4 Be7 16. Qe2 f5 17. f3 fxe4 18. dxe4 Be8 19. Rac1 Bg6 20. Kh1 Qd7
21. Rfd1 Bg5 22. Bxg5 Rf7 23. c4 Raf8 24. c5 Bh5 25. Be7 Qxe7 26. cxd6 cxd6 27. Rd3 Rf6 28. Rdc3 Rh6 29. Rc7 Qh4 30. Qa2+ Kh8
31. Rc8 Rf6 32. Rxf8+ Rxf8 33. Qe6 Qf6 34. Qc8 Bxf3 35. Qf5 Qxf5 36. exf5 Be4 37. Kh2 Bxf5 38. g4 Be6 39. Rc6 h6 40. Rxd6 Bc8
41. Rd2 Kh7 42. Kg2 Rf4 43. Rf2 Bb7+ 44. Kg1 Rd4 45. Re2 e4 46. Kf2 Rd3 47. Re3 g5 48. Ke2 Rxe3+ 49. Kxe3 Kg6 50. Kd4 Kf6
51. Ke3 Ke5 52. Ke2 Kd4 53. Kd2 e3+ 54. Ke2 Bf3+ 55. Ke1 Kd3 56. Kf1 Kd2 57. h4 e2+
0-1

[Event "Just a Plain Tournament"]
[Site "SchemingMind.com"]
[Date "2008.11.14"]
[Round "-"]
[White "palomo"]
[Black "jtrochez1"]
[Result "1/2-1/2"]
[WhiteCountry "ARG"]
[BlackCountry "HON"]
[WhiteElo "1551"]
[WhiteRD "87"]
[BlackElo "1546"]
[BlackRD "48"]
[GameID "178988"]

1. e4 e5 2. Nf3 d6 3. d4 Bg4 4. h3 Bh5 5. dxe5 Bxf3 6. Qxf3 dxe5 7. Bc4 Qd7 8. c3 Nf6 9. O-O Bd6 10. Be3 Nc6
11. Nd2 a6 12. Rfd1 Na5 13. Bf1 Qe7 14. b4 Nc6 15. Nc4 Rd8 16. Nxd6+ cxd6 17. b5 Nb8 18. a4 O-O 19. Bg5 Nbd7 20. Qg3 Qe6
21. f3 Nc5 22. Bxf6 Qxf6 23. Bc4 a5 24. Rf1 b6 25. f4 Nxe4 26. Qe3 Nc5 27. fxe5 Qxe5 28. Qxe5 dxe5 29. Rf5 e4 30. Re5 Nd3
31. Rxe4 Nc5 32. Re7 Kh8 33. Bxf7 Rxf7 34. Rxf7 h6 35. g4 Ne4 36. Raf1 Nxc3 37. Rf8+ Rxf8 38. Rxf8+ Kh7 39. Rb8 Nxa4 40. Kf2 Kg6
41. Ke3 Kg5 42. Rf8 g6 43. Rf4 Nc3 44. Rc4 Nxb5 45. Rc6 a4 46. Rxb6 Nc3 47. Ra6 Nd1+ 48. Kd4 Nf2 49. Rxa4 Nxh3 50. Ke5 Nf2
51. Ra5 Nxg4+ 52. Kd6+ Kh4 53. Ke7 g5 54. Ke6 h5 55. Ra7 Kg3 56. Rg7 Kf4 57. Kf7= h4 58. Kg6 Ne5+ 59. Kh5 Nf3 60. Rxg5= Nxg5
61. Kxh4=
1/2-1/2

[Event "Just a Plain Tournament"]
[Site "SchemingMind.com"]
[Date "2008.11.14"]
[Round "-"]
[White "Mikael Hakim"]
[Black "jtrochez1"]
[Result "1-0"]
[WhiteCountry "INT"]
[BlackCountry "HON"]
[WhiteElo "1807"]
[WhiteRD "117"]
[BlackElo "1532"]
[BlackRD "50"]
[GameID "179043"]

1. e4 e5 2. Nf3 d6 3. Bc4 h6 4. O-O Nf6 5. d4 Qe7 6. Re1 Be6 7. d5 Bg4 8. Nc3 a6 9. h3 Bh5 10. Rb1 c6
11. a4 Qc7 12. Qd3 c5 13. Nh4 Be7 14. Nf5 Bf8 15. f4 Nbd7 16. Be3 b6 17. b4 Rb8 18. bxc5 bxc5 19. Rxb8+ Nxb8 20. fxe5 dxe5
21. d6 Qd7 22. Rb1 Nc6 23. Bxc5 Bg6 24. Bxa6 Bxf5 25. exf5
1-0

[Event "Just a Plain Tournament"]
[Site "SchemingMind.com"]
[Date "2008.11.14"]
[Round "-"]
[White "Mikael Hakim"]
[Black "palomo"]
[Result "1-0"]
[WhiteCountry "INT"]
[BlackCountry "ARG"]
[WhiteElo "1937"]
[WhiteRD "84"]
[BlackElo "1540"]
[BlackRD "90"]
[GameID "179044"]

1. e4 c5 2. Nf3 Nc6 3. d4 cxd4 4. Nxd4 Nf6 5. Nc3 e6 6. Ndb5 d6 7. Bf4 e5 8. Bg5 a6 9. Na3 Be6 10. Nd5 Qa5+
11. Bd2 Qd8 12. Bg5 Be7 13. Nxe7 Nxe7 14. Bc4 Bxc4 15. Bxf6 gxf6 16. Nxc4 d5 17. exd5 Nxd5 18. O-O Rg8 19. Qh5 Rg7 20. Rad1 b5
21. Nxe5 Qd6 22. Ng4 O-O-O 23. Ne3 Nf4 24. Qf5+ Qe6 25. Rxd8+ Kxd8 26. Qxf4 Qxa2 27. Qxf6+
1-0

[Event "Just a Plain Tournament"]
[Site "SchemingMind.com"]
[Date "2008.11.16"]
[Round "-"]
[White "jtrochez1"]
[Black "Mikael Hakim"]
[Result "0-1"]
[WhiteCountry "HON"]
[BlackCountry "INT"]
[WhiteElo "1532"]
[WhiteRD "50"]
[BlackElo "1807"]
[BlackRD "117"]
[GameID "179045"]

1. e4 c5 2. Nf3 e6 3. d4 cxd4 4. Nxd4 a6 5. Nc3 Qc7 6. Nb3 Nc6 7. a3 b5 8. Bd3 Nf6 9. O-O Be7 10. Re1 d6
11. Bf4 e5 12. Nd5 Nxd5 13. exd5 exf4 14. dxc6 O-O 15. Nd4 Bf6 16. c3 Bxd4 17. cxd4 Qxc6 18. Be4 d5 19. Rc1 Qd6 20. Bf3 Be6
21. b4 Rac8 22. Rc5 Rc7 23. Qd2 Rxc5 24. bxc5 Qc7 25. Rc1 h6 26. c6 Rb8 27. Rc5 Rb6 28. Qc1 a5 29. g3 fxg3 30. fxg3 b4
31. axb4 axb4 32. Bd1 b3 33. Qb2 Rxc6 34. Rxc6 Qxc6 35. Qxb3 Qc1 36. Kg2 Qd2+ 37. Kh1 Qe1+ 38. Kg2 Qe4+ 39. Bf3 Qxd4 40. Qb8+ Kh7
41. Qb1+ g6 42. Qd1 Qxd1 43. Bxd1 Kg7 44. Kf3 Kf6 45. Ke3 Ke5 46. Bc2 d4+ 47. Kd2 Bf5 48. Bxf5 Kxf5 49. Kd3 Ke5 50. h3 f5
51. h4 g5 52. hxg5 hxg5
0-1

[Event "Just a Plain Tournament"]
[Site "SchemingMind.com"]
[Date "2008.11.16"]
[Round "-"]
[White "palomo"]
[Black "Mikael Hakim"]
[Result "0-1"]
[WhiteCountry "ARG"]
[BlackCountry "INT"]
[WhiteElo "1540"]
[WhiteRD "90"]
[BlackElo "1937"]
[BlackRD "84"]
[GameID "179046"]

1. e4 c5 2. Nf3 d6 3. d4 cxd4 4. Nxd4 Nf6 5. Nc3 a6 6. Bg5 e6 7. Be2 Be7 8. O-O O-O 9. f4 b5 10. Bf3 Bb7
11. Qe2 Qb6 12. Qf2 h6 13. Bxf6 Bxf6 14. Nde2 Qc7 15. Kh1 Nd7 16. a3 Nc5 17. Rg1 Rac8 18. Rad1 e5 19. Nd5 Bxd5 20. Rxd5 exf4
21. b4 Ne6 22. g3 fxg3 23. Qxg3 Be5 24. Rxe5 dxe5 25. Bg4 Rfd8 26. Bxe6 fxe6 27. Qg6 Qf7 28. Qxf7+ Kxf7 29. c3 Rd2 30. Rg2 Rd1+
31. Rg1 Rcd8 32. Ng3 Rxg1+ 33. Kxg1 Rd3 34. Ne2 Rd2 35. Kf2 Ra2 36. Ke3 Rxa3 37. Kd3 Ra1 38. c4 Ra3+ 39. Nc3 bxc4+ 40. Kxc4 Ke7
41. h4 g5 42. hxg5 hxg5 43. Ne2 Re3 44. Nc3 g4
0-1

[Event "Just a Plain Tournament"]
[Site "SchemingMind.com"]
[Date "2008.11.14"]
[Round "-"]
[White "CowboyNoel"]
[Black "jtrochez1"]
[Result "1-0"]
[WhiteCountry "USA"]
[BlackCountry "HON"]
[WhiteElo "1324"]
[WhiteRD "78"]
[BlackElo "1546"]
[BlackRD "48"]
[GameID "179061"]

1. e4 e5 2. Nf3 d6 3. g3 Be6 4. Nc3 a6 5. b3 h6 6. Bb2 Be7 7. Bg2 Nf6 8. d4 Bg4 9. dxe5 dxe5 10. h3 Bxf3
11. Bxf3 Nbd7 12. Nd5 Bd6 13. Bg4 Nxd5 14. Qxd5 Nf6 15. Qxb7 O-O 16. O-O-O Nxg4 17. hxg4 Qg5+ 18. Rd2 Qxg4 19. Rh4 Qf3 20. a4 a5
21. Qb5 Qf6 22. f4 exf4 23. Bxf6 Rab8 24. Qxa5 Bb4 25. Qf5 Bxd2+ 26. Kxd2 g6 27. Qg4 Kh7 28. gxf4 Rb6 29. Rxh6+
1-0

[Event "Just a Plain Tournament"]
[Site "SchemingMind.com"]
[Date "2008.11.14"]
[Round "-"]
[White "CowboyNoel"]
[Black "palomo"]
[Result "0-1"]
[WhiteCountry "USA"]
[BlackCountry "ARG"]
[WhiteElo "1324"]
[WhiteRD "78"]
[BlackElo "1551"]
[BlackRD "87"]
[GameID "179062"]

1. e4 e5 2. Nf3 Nc6 3. Bb5 a6 4. Ba4 Nf6 5. d4 b5 6. Bb3 Be7 7. dxe5 Nxe4 8. Qd5 O-O 9. Qxe4 Bb7 10. Nc3 h6
11. Be3 Rb8 12. O-O Na5 13. Qg4 Kh8 14. Rad1 Rg8 15. Bxf7 Bxf3 16. Qxf3 Rf8 17. e6 d6 18. Rfe1 Nc4 19. Bxh6 gxh6 20. Nd5 Ne5
21. Qc3 Bf6 22. Nf4 Nxf7 23. Qh3 Ng5 24. Qxh6+ Nh7 25. Ng6+ Kg8 26. Rd3 Bg7 27. Qh5 Qg5 28. Qe2 Qxg6 29. Rf3 Rxf3 30. Qxf3 Rf8
31. Qc3 Bxc3
0-1

[Event "Just a Plain Tournament"]
[Site "SchemingMind.com"]
[Date "2008.11.16"]
[Round "-"]
[White "CowboyNoel"]
[Black "Mikael Hakim"]
[Result "0-1"]
[WhiteCountry "USA"]
[BlackCountry "INT"]
[WhiteElo "1260"]
[WhiteRD "78"]
[BlackElo "1937"]
[BlackRD "84"]
[GameID "179063"]

1. e4 c5 2. Nf3 Nc6 3. g3 e5 4. Bc4 Nf6 5. b3 Nxe4 6. Bb2 d5 7. Bb5 f6 8. d3 Nd6 9. a4 Be7 10. O-O O-O
11. Nh4 Nxb5 12. axb5 Nd4 13. Qh5 Nxc2 14. Ra4 Nd4 15. Nd2 Nxb5 16. Rg4 Bxg4 17. Qxg4 Nd4 18. f4 f5 19. Qh5 Bxh4 20. gxh4 g6
21. Qh6 Ne2+ 22. Kf2 Nxf4 23. Bxe5 Nxd3+ 24. Ke3 Nxe5 25. h3 Qb6 26. h5 c4+ 27. Ke2 Rae8 28. Kd1 cxb3 29. Nf3 b2 30. Ng5 b1=Q+
31. Ke2 Q6b2+ 32. Ke3 Ng4+
0-1

[Event "Just a Plain Tournament"]
[Site "SchemingMind.com"]
[Date "2008.11.15"]
[Round "-"]
[White "jtrochez1"]
[Black "CowboyNoel"]
[Result "1-0"]
[WhiteCountry "HON"]
[BlackCountry "USA"]
[WhiteElo "1559"]
[WhiteRD "50"]
[BlackElo "1260"]
[BlackRD "78"]
[GameID "179064"]

1. e4 e5 2. Nf3 Nc6 3. d3 Bc5 4. Be2 b6 5. a3 Bb7 6. Nc3 Nf6 7. h3 d5 8. Nxe5 Nxe5 9. O-O g6 10. exd5 Nxd5
11. Bd2 Qh4 12. Ne4 h6 13. Nxc5 bxc5 14. c4 Nf4 15. Bxf4 Qxf4 16. Qc2 O-O-O 17. b4 g5 18. f3 h5 19. b5 g4 20. fxg4 Qg3
21. Rf2 hxg4 22. Kf1 Rdg8 23. d4 Rg5 24. dxe5 Rxe5 25. Bxg4+ Kb8 26. Bd7 a5 27. Bc6 Rg8 28. Re1
1-0

[Event "Just a Plain Tournament"]
[Site "SchemingMind.com"]
[Date "2008.11.15"]
[Round "-"]
[White "palomo"]
[Black "CowboyNoel"]
[Result "1-0"]
[WhiteCountry "ARG"]
[BlackCountry "USA"]
[WhiteElo "1548"]
[WhiteRD "85"]
[BlackElo "1326"]
[BlackRD "82"]
[GameID "179065"]

1. e4 e5 2. Nf3 Nc6 3. Bb5 b6 4. c3 Bb7 5. O-O Qf6 6. d3 O-O-O 7. Bg5 Qg6 8. Bxd8 Kxd8 9. Nbd2 Nf6 10. a4 Bc5
11. h3 h5 12. Nc4 Ng4 13. a5 bxa5 14. Nxa5 Nxa5 15. Rxa5 Bb6 16. Ra3 Qf6 17. Qa4 Bc6 18. Bxc6 dxc6 19. c4 Qd6 20. Rc3 f5
21. Qb3 fxe4 22. c5 Qd5 23. Qxd5+ cxd5 24. cxb6 axb6 25. dxe4 dxe4 26. hxg4 exf3 27. Ra3 Ke7 28. gxf3 h4 29. Re1 Ke6 30. f4 h3
31. Rxe5+ Kd7 32. Rd3+ Kc8 33. Re7 g6 34. Rde3 Rh4 35. Kh2 Rxg4 36. Kxh3 Rxf4 37. f3 b5 38. Rg7 Kb7 39. Rxg6 c6 40. Ra3 Kb6
41. Rg8 c5 42. Rg6+ Kc7 43. Ra7+
1-0

[Event "Just a Plain Tournament"]
[Site "SchemingMind.com"]
[Date "2008.11.17"]
[Round "-"]
[White "Mikael Hakim"]
[Black "CowboyNoel"]
[Result "1-0"]
[WhiteCountry "INT"]
[BlackCountry "USA"]
[WhiteElo "1937"]
[WhiteRD "84"]
[BlackElo "1260"]
[BlackRD "78"]
[GameID "179066"]

1. e4 e5 2. Nf3 Nc6 3. Bb5 b6 4. O-O Bb7 5. d4 Qf6 6. Nc3 Nxd4 7. Nxd4 exd4 8. Nd5 Qd6 9. Bf4 Qb4 10. Nxb4 Bxb4
11. Bxd7+ Kxd7 12. Qxd4+ Ke8 13. Qxb4 Nf6 14. e5 Nd5 15. Qa4+ c6 16. Bg3 Rd8 17. c4 b5 18. Qxa7 Rd7 19. Qb8+ Rd8 20. Qxb7 bxc4
21. Qxc6+ Ke7 22. Rad1 f6 23. exf6+ gxf6 24. Rfe1+ Kf7 25. Rxd5
1-0

[Event "Just a Plain Tournament"]
[Site "SchemingMind.com"]
[Date "2008.11.15"]
[Round "-"]
[White "capablanca"]
[Black "jtrochez1"]
[Result "1-0"]
[WhiteCountry "GER"]
[BlackCountry "HON"]
[WhiteElo "1666"]
[WhiteRD "54"]
[BlackElo "1532"]
[BlackRD "50"]
[GameID "179117"]

1. e4 e5 2. Nf3 d6 3. d4 exd4 4. Nxd4 Bd7 5. Nc3 Nc6 6. Nb3 Nf6 7. Bg5 Be7 8. a3 Ne5 9. Qd2 a6 10. O-O-O h6
11. Bxf6 Bxf6 12. Kb1 Be6 13. Nd4 O-O 14. f4 Nc6 15. Nxe6 fxe6 16. Qe3 Qe8 17. h4 Bxc3 18. bxc3 b5 19. Bd3 Na5 20. g4 Qb8
21. Ka2 Nc4 22. Qd4 c5 23. Qf2 Qc7 24. Bxc4 bxc4 25. Rb1 Qa5 26. Qd2 Rad8 27. Rb7 Rf7 28. Rhb1 Rxb7 29. Rxb7 Qa4 30. Rb6 d5
31. Rxe6 Qa5 32. exd5 Qb5 33. d6 Qc6 34. f5 Kh7 35. g5 Qf3 36. gxh6 Qxf5 37. Re7 Rxd6 38. Rxg7+ Kh8 39. Qg2 Rd8 40. Rb7 Rg8
41. Qh2 Qh5 42. h7 Rc8 43. Qf4 Re8 44. Qf6#
1-0

[Event "Just a Plain Tournament"]
[Site "SchemingMind.com"]
[Date "2008.11.16"]
[Round "-"]
[White "capablanca"]
[Black "CowboyNoel"]
[Result "1-0"]
[WhiteCountry "GER"]
[BlackCountry "USA"]
[WhiteElo "1666"]
[WhiteRD "54"]
[BlackElo "1272"]
[BlackRD "82"]
[GameID "179118"]

1. e4 e5 2. Nf3 Nc6 3. Bb5 b6 4. O-O Bb7 5. d3 Qe7 6. Nc3 Nf6 7. Bg5 O-O-O 8. Nd5 Nb4 9. Nxe7+ Bxe7 10. Nxe5 h6
11. Bxf6
1-0

[Event "Just a Plain Tournament"]
[Site "SchemingMind.com"]
[Date "2008.11.15"]
[Round "-"]
[White "capablanca"]
[Black "palomo"]
[Result "1/2-1/2"]
[WhiteCountry "GER"]
[BlackCountry "ARG"]
[WhiteElo "1710"]
[WhiteRD "58"]
[BlackElo "1540"]
[BlackRD "90"]
[GameID "179119"]

1. e4 c5 2. Nf3 d6 3. d4 cxd4 4. Nxd4 Nf6 5. Nc3 a6 6. Bd3 e6 7. Be3 Be7 8. f3 O-O 9. Qd2 Re8 10. O-O-O e5
11. Nf5 Nc6 12. Nxe7+ Nxe7 13. g4 h6 14. h4 Nh7 15. g5 h5 16. f4 g6 17. Rdf1 Bd7 18. f5 b5 19. fxg6 fxg6 20. Rf2 Rc8
21. Rhf1 b4 22. Nd5 Qa5 23. Qxb4 Qxb4 24. Nxb4 Bb5 25. Bxb5 axb5 26. Rf7 Rc4 27. Nd5 Nxd5 28. exd5 Rxh4 29. Rd7 Rf8=
1/2-1/2

[Event "Just a Plain Tournament"]
[Site "SchemingMind.com"]
[Date "2008.11.16"]
[Round "-"]
[White "capablanca"]
[Black "Mikael Hakim"]
[Result "0-1"]
[WhiteCountry "GER"]
[BlackCountry "INT"]
[WhiteElo "1635"]
[WhiteRD "57"]
[BlackElo "1875"]
[BlackRD "170"]
[GameID "179120"]

1. e4 c5 2. Nf3 e6 3. c3 d5 4. exd5 exd5 5. d4 Nf6 6. Bg5 Qb6 7. Qe2+ Be6 8. Qb5+ Qxb5 9. Bxb5+ Bd7 10. Bxd7+ Nbxd7
11. dxc5 Bxc5 12. O-O O-O 13. Nbd2 Ne4 14. Nxe4 dxe4 15. Nd2 f5 16. Nb3 Bb6 17. Rad1 Ne5 18. Nc1 h6 19. Bf4 Ng6 20. Bd6 Rfd8
21. Bb4 Ne5 22. Rfe1 Ng4 23. c4 Bxf2+ 24. Kf1 Bxe1 25. Rxe1 Nxh2+ 26. Ke2 Rd4 27. b3 Rad8 28. Rh1 Ng4 29. Bc3 R4d6 30. b4 Rc6
31. c5 b6 32. Rf1 g6 33. Bd2 bxc5 34. bxc5 Rxc5 35. Nb3 Rc2 36. Kd1 Rxa2
0-1

[Event "Just a Plain Tournament"]
[Site "SchemingMind.com"]
[Date "2008.11.15"]
[Round "-"]
[White "jtrochez1"]
[Black "capablanca"]
[Result "0-1"]
[WhiteCountry "HON"]
[BlackCountry "GER"]
[WhiteElo "1532"]
[WhiteRD "50"]
[BlackElo "1666"]
[BlackRD "54"]
[GameID "179121"]

1. e4 e5 2. Nf3 Nc6 3. Bc4 Bc5 4. d3 Nf6 5. h3 d6 6. Bg5 h6 7. Bh4 g5 8. Bg3 Nh5 9. Bh2 Nf4 10. Bxf4 gxf4
11. c3 Rg8 12. d4 Bb6 13. d5 Ne7 14. Bf1 Ng6 15. Nbd2 Nh4 16. Qe2 Nxg2+ 17. Bxg2 Rxg2 18. Rf1 Bxh3 19. O-O-O Rg6 20. Rg1 Qf6
21. Rxg6 fxg6 22. Nc4 g5 23. Nxb6 axb6 24. Qb5+ Bd7 25. Qb3 Ba4 26. Qb4 Bxd1 27. Kxd1 g4 28. Nd2 g3 29. fxg3 fxg3 30. Qb5+ Ke7
31. Qe2 Rg8 32. Qg2 Qf2 33. Qxg3 Rxg3
0-1

[Event "Just a Plain Tournament"]
[Site "SchemingMind.com"]
[Date "2008.11.16"]
[Round "-"]
[White "CowboyNoel"]
[Black "capablanca"]
[Result "0-1"]
[WhiteCountry "USA"]
[BlackCountry "GER"]
[WhiteElo "1260"]
[WhiteRD "78"]
[BlackElo "1710"]
[BlackRD "58"]
[GameID "179122"]

1. e4 e5 2. Nf3 Nc6 3. g3 Bc5 4. Bc4 d6 5. c3 Nf6 6. d4 exd4 7. cxd4 Bb4+ 8. Nc3 O-O 9. O-O Bh3 10. Re1 h6
11. Qd3 Re8 12. e5 dxe5 13. Qc2 exd4 14. Rxe8+ Qxe8 15. Bf4 dxc3 16. bxc3 Bc5 17. Re1 Qc8 18. Qb3 Na5 19. Qa4 Nxc4 20. Qxc4 b6
21. Be5 Qg4 22. Qb5 Qxf3 23. Rf1 Qg2#
0-1

[Event "Just a Plain Tournament"]
[Site "SchemingMind.com"]
[Date "2008.11.15"]
[Round "-"]
[White "palomo"]
[Black "capablanca"]
[Result "1-0"]
[WhiteCountry "ARG"]
[BlackCountry "GER"]
[WhiteElo "1543"]
[WhiteRD "94"]
[BlackElo "1666"]
[BlackRD "54"]
[GameID "179123"]

1. e4 e5 2. Nf3 Nc6 3. Bb5 a6 4. Ba4 Nf6 5. O-O Be7 6. Re1 b5 7. Bb3 O-O 8. c3 Bb7 9. d3 h6 10. Nbd2 d6
11. Nf1 Nb8 12. Ng3 Nbd7 13. Nf5 Nh7 14. h3 c5 15. Nh2 Re8 16. Ng4 Ndf6 17. Ngxh6+ gxh6 18. Bxh6 Bf8 19. Re3 Bxh6 20. Nxh6+ Kg7
21. Nxf7 Qd7 22. Rg3+ Kf8 23. Ng5 Ke7 24. Nxh7
1-0

[Event "Just a Plain Tournament"]
[Site "SchemingMind.com"]
[Date "2008.11.16"]
[Round "-"]
[White "Mikael Hakim"]
[Black "capablanca"]
[Result "1-0"]
[WhiteCountry "INT"]
[BlackCountry "GER"]
[WhiteElo "1875"]
[WhiteRD "170"]
[BlackElo "1635"]
[BlackRD "57"]
[GameID "179124"]

1. e4 e5 2. Nf3 Nc6 3. Bb5 a6 4. Bxc6 dxc6 5. O-O f6 6. d4 exd4 7. Nxd4 c5 8. Nb3 Qxd1 9. Rxd1 Bg4 10. f3 Bd7
11. Be3 b6 12. Nc3 Bd6 13. Rd2 Ne7 14. Rad1 O-O-O 15. a4 Kb7 16. a5 Be6 17. axb6 Kxb6 18. Na4+ Ka7 19. Naxc5 Bxb3 20. Nxb3+ Kb7
21. Na5+ Kc8 22. c4 Bb4 23. Rxd8+ Rxd8 24. Rxd8+
1-0

[Event "Just a Plain Tournament"]
[Site "SchemingMind.com"]
[Date "2008.11.18"]
[Round "-"]
[White "bartleby en passant"]
[Black "jtrochez1"]
[Result "0-1"]
[WhiteCountry "IRL"]
[BlackCountry "HON"]
[WhiteElo "1541"]
[WhiteRD "86"]
[BlackElo "1546"]
[BlackRD "48"]
[GameID "179186"]

1. d4 d5 2. c4 Nf6 3. c5 c6 4. Bf4 Bf5 5. e3 Nbd7 6. Bd3 Qa5+ 7. Nc3 Bxd3 8. Qxd3 Ne4 9. Ne2 Ndf6 10. O-O e6
11. f3 Nxc3 12. bxc3 h6 13. Rab1 b5 14. Rb2 a6 15. Rfb1 Qd8 16. Qc2 Nd7 17. a4 Be7 18. axb5 axb5 19. e4 O-O 20. exd5 exd5
21. Ng3 Bg5 22. Bd6 Re8 23. Qd1 Qf6 24. Re2 Qg6 25. Rxe8+ Rxe8 26. Ra1 Nf6 27. Ra6 Rc8 28. Qe1 Re8 29. Qd1 Nh5 30. Nxh5 Qxh5
31. Rxc6 Be3+ 32. Kh1 Bf2 33. h3 Re1+
0-1

[Event "Just a Plain Tournament"]
[Site "SchemingMind.com"]
[Date "2008.11.20"]
[Round "-"]
[White "bartleby en passant"]
[Black "capablanca"]
[Result "1-0"]
[WhiteCountry "IRL"]
[BlackCountry "GER"]
[WhiteElo "1541"]
[WhiteRD "86"]
[BlackElo "1669"]
[BlackRD "61"]
[GameID "179187"]

1. d4 d5 2. c4 c6 3. c5 Nf6 4. Bg5 b6 5. b4 bxc5 6. bxc5 g6 7. Nc3 Bg7 8. e3 Ba6 9. Bxa6 Nxa6 10. Qa4 Qc8
11. Bxf6 Bxf6 12. Nxd5 O-O 13. Nxf6+ exf6 14. Ne2 Re8 15. O-O Re6 16. Nf4 Re7 17. Rab1 Nb8 18. Rb3 Nd7 19. Rfb1 Nf8 20. h3 Kg7
21. Qc4 Ne6 22. Nxe6+ Qxe6 23. Qxe6 fxe6 24. Rb7 Rf7 25. Rxf7+ Kxf7 26. Rb7+
1-0

[Event "Just a Plain Tournament"]
[Site "SchemingMind.com"]
[Date "2008.11.20"]
[Round "-"]
[White "bartleby en passant"]
[Black "CowboyNoel"]
[Result "0-1"]
[WhiteCountry "IRL"]
[BlackCountry "USA"]
[WhiteElo "1541"]
[WhiteRD "86"]
[BlackElo "1324"]
[BlackRD "78"]
[GameID "179188"]

1. e4 e5 2. Nf3 Nc6 3. Bc4 Nf6 4. Ng5 d5 5. exd5 Nxd5 6. Bxd5 Qxd5 7. Nc3 Qxg2 8. Qf3 Qxg5 9. d4 Qg4 10. Qxg4 Bxg4
11. dxe5 Nxe5 12. f4 Nf3+ 13. Kf2 Bc5+ 14. Be3 Bxe3+ 15. Kxe3 O-O-O 16. Rhg1 Nxg1 17. Rxg1 Rhe8+
0-1

[Event "Just a Plain Tournament"]
[Site "SchemingMind.com"]
[Date "2008.11.20"]
[Round "-"]
[White "bartleby en passant"]
[Black "palomo"]
[Result "1-0"]
[WhiteCountry "IRL"]
[BlackCountry "ARG"]
[WhiteElo "1526"]
[WhiteRD "78"]
[BlackElo "1548"]
[BlackRD "85"]
[GameID "179189"]

1. e4 e5 2. Bc4 Nf6 3. d3 d6 4. Nf3 h6 5. O-O Be7 6. Nc3 O-O 7. d4 Bg4 8. d5 Nbd7 9. h3 Bh5 10. Be3 Re8
11. g4 Bg6 12. Qd2 Bf8 13. Nh4 Nxg4 14. Nxg6 Nxe3 15. Qxe3 fxg6 16. Ne2 Nf6 17. f3 Nh7 18. Kf2 Qh4+ 19. Ng3 Be7 20. Rg1 Bg5
21. Qe2 Rf8 22. Rg2 Qxh3 23. Rh1 Qd7 24. b3 a5 25. a4 Rab8 26. Bd3 b5 27. Bxb5
1-0

[Event "Just a Plain Tournament"]
[Site "SchemingMind.com"]
[Date "2008.11.20"]
[Round "-"]
[White "bartleby en passant"]
[Black "Mikael Hakim"]
[Result "0-1"]
[WhiteCountry "IRL"]
[BlackCountry "INT"]
[WhiteElo "1585"]
[WhiteRD "90"]
[BlackElo "1937"]
[BlackRD "84"]
[GameID "179190"]

1. d4 Nf6 2. c4 g6 3. Nc3 Bg7 4. e4 O-O 5. e5 Ne8 6. Bf4 d6 7. Nf3 dxe5 8. dxe5 Nd7 9. Qe2 c6 10. e6 Nc5
11. exf7+ Rxf7 12. g3 Bg4 13. Qe3 Bxf3 14. Qxf3 e5 15. Qe3 exf4 16. Qxc5 fxg3 17. hxg3 Bd4
0-1

[Event "Just a Plain Tournament"]
[Site "SchemingMind.com"]
[Date "2008.11.16"]
[Round "-"]
[White "jtrochez1"]
[Black "bartleby en passant"]
[Result "1-0"]
[WhiteCountry "HON"]
[BlackCountry "IRL"]
[WhiteElo "1546"]
[WhiteRD "48"]
[BlackElo "1541"]
[BlackRD "86"]
[GameID "179191"]

1. e4 e5 2. Nf3 Nf6 3. Nc3 Bb4 4. d3 d6 5. Bd2 Bxc3 6. Bxc3 Be6 7. h3 Nc6 8. a3 O-O 9. Be2 Ne7 10. Ng5 Qd7
11. Nxe6 Qxe6 12. Bg4 Nxg4 13. hxg4 b6 14. Qf3 c5 15. O-O-O a5 16. Qh3 Qg6 17. Qh5 b5 18. Rh3 b4 19. Bd2 bxa3 20. bxa3 Rab8
21. Bc3 Rb7 22. Kd2 Qxh5 23. gxh5 h6 24. g4 g5 25. Bxa5 Ra8 26. Bc3 Rxa3 27. Rhh1 d5 28. Bxe5 dxe4 29. Rb1 Rxb1 30. Rxb1 Nc6
31. Bf6 Ra6 32. dxe4 Nd4 33. Rb8+
1-0

[Event "Just a Plain Tournament"]
[Site "SchemingMind.com"]
[Date "2008.11.20"]
[Round "-"]
[White "capablanca"]
[Black "bartleby en passant"]
[Result "1-0"]
[WhiteCountry "GER"]
[BlackCountry "IRL"]
[WhiteElo "1710"]
[WhiteRD "58"]
[BlackElo "1585"]
[BlackRD "90"]
[GameID "179192"]

1. e4 e5 2. Nf3 Nf6 3. Nxe5 d6 4. Nf3 Nxe4 5. d4 d5 6. Bd3 Be7 7. O-O O-O 8. Re1 f5 9. c3 Be6 10. Ne5 Nc6
11. Nxc6 bxc6 12. f3 Nd6 13. Rxe6
1-0

[Event "Just a Plain Tournament"]
[Site "SchemingMind.com"]
[Date "2008.11.20"]
[Round "-"]
[White "CowboyNoel"]
[Black "bartleby en passant"]
[Result "1/2-1/2"]
[WhiteCountry "USA"]
[BlackCountry "IRL"]
[WhiteElo "1326"]
[WhiteRD "82"]
[BlackElo "1526"]
[BlackRD "78"]
[GameID "179193"]

1. e4 e5 2. Nf3 Nc6 3. Bc4 h6 4. d4 exd4 5. Nxd4 Nxd4 6. Qxd4 Qf6 7. e5 Qf5 8. Na3 b6 9. Bf4 Bc5 10. Qd2 Bxa3
11. bxa3 Qe4+ 12. Be2 Ba6 13. f3 Qxe2+ 14. Qxe2 Bxe2 15. Kxe2 f6 16. exf6 Nxf6 17. Rhe1 O-O 18. Bxc7 Rac8 19. Bd6 Rxc2+ 20. Kf1 Rfc8
21. a4 Nd5 22. a3 Nc3 23. Re7 Nxa4 24. Rae1 Rc1 25. Rxd7 Rxe1+ 26. Kxe1 Re8+ 27. Kf2 a5 28. Bf4 Rf8 29. Be3 Rf6 30. g4 Rf7
31. Rd8+=
1/2-1/2

[Event "Just a Plain Tournament"]
[Site "SchemingMind.com"]
[Date "2008.11.20"]
[Round "-"]
[White "palomo"]
[Black "bartleby en passant"]
[Result "1-0"]
[WhiteCountry "ARG"]
[BlackCountry "IRL"]
[WhiteElo "1548"]
[WhiteRD "85"]
[BlackElo "1526"]
[BlackRD "78"]
[GameID "179194"]

1. e4 e5 2. Nf3 Nf6 3. Nxe5 d6 4. Nf3 Nxe4 5. d4 d5 6. Qe2 Qe7 7. Nc3 Nxc3 8. bxc3 Qxe2+ 9. Bxe2 Bf5 10. Bb5+ c6
11. Ba4 b5 12. Bb3 Bd6 13. O-O O-O 14. a4 Nd7 15. axb5 cxb5 16. Bxd5 Rac8 17. Rxa7 Rxc3 18. Nh4 Nb6 19. Nxf5 Bxh2+ 20. Kxh2 Nxd5
21. Ne7+ Nxe7 22. Rxe7 Rxc2 23. d5 Rd8 24. Rfe1 g6 25. Bh6 Rcc8 26. d6
1-0